书目信息

书名: 集寻 
作者: 周禾,
出版信息: 武汉   长江文艺出版社  2025.8
开本页数: 23cm  303页
丛书名:
单 册:
中图分类: I2407
科图分类:
主题词: 长篇小说--chang pian xiao shuo--中国--当代
电子资源:
ISBN: 978-7-5702-4088-3
000 01061nam0 2200241 450
001 012025000744
005 20251021142245.7
010    @a978-7-5702-4088-3@dCNY58.00
100    @a20251021d2025 em y0chiy50 ea
101 @achi
102    @aCN@b420000
105    @ay z 000ay
106    @ar
200 @a集寻@Aji xun@f周禾著
210    @a武汉@c长江文艺出版社@d2025.8
215    @a303页@d23cm
314    @a周禾, 男, 1946年7月生。长期在高校从事中国古代文学的教学和研究工作。华中师范大学文学院副教授, 曾任中国屈原学会理事, 中国诗经学会会员。
330    @a本书是一部具有自传体色彩的长篇小说, 围绕高校古代文学教师方理一家的工作、学习和生活展开, 书写了在时代大背景下, 一个普通家庭所面临的时代变迁和生活悲欢, 刻画了一代知识分子的学术轨迹和心路历程。其中所写既有日常生活、子女养育和人生感悟, 也有学术交流、教育反思和文化传承, 洋溢着浓厚的生活气息。
606 @a长篇小说@Achang pian xiao shuo@y中国@z当代
690    @aI2407@v5
701  0 @a周禾,@Azhou he@f1946-@4著
801  0 @aCN@bCDNYKJZYXY@c20251021
905    @aCDNYKJZYXY@b300733407-09@dI2407@e4492@f3
    
    集寻/周禾著.-武汉:长江文艺出版社,2025.8
    303页;23cm
    
    
    ISBN 978-7-5702-4088-3:CNY58.00
    本书是一部具有自传体色彩的长篇小说, 围绕高校古代文学教师方理一家的工作、学习和生活展开, 书写了在时代大背景下, 一个普通家庭所面临的时代变迁和生活悲欢, 刻画了一代知识分子的学术轨迹和心路历程。其中所写既有日常生活、子女养育和人生感悟, 也有学术交流、教育反思和文化传承, 洋溢着浓厚的生活气息。
相关链接 在五车中查询图书 在当当中查询图书 在豆瓣中查询图书


正题名:集寻     索取号:I2407/4492         预约/预借

序号 登录号 条形码 馆藏地/架位号 状态 备注
1 733407   300733407   流通书库/ [索取号:I2407/4492] 在馆    
2 733408   300733408   柳城-3楼/27架12列5层/ [索取号:I2407/4492] 在馆    
3 733409   300733409   柳城-3楼/27架12列5层/ [索取号:I2407/4492] 在馆